[Event "Hersonissos op 2nd"]
[Site "Hersonissos"]
[Date "2018.06.17"]
[Round "1"]
[White "Alexandrakis, Georgios"]
[Black "Lobersli, Henrik Oie"]
[Result "0-1"]
[WhiteElo "1299"]
[BlackElo "2134"]
[PlyCount "66"]
[EventDate "2018.06.17"]
[EventType "swiss"]
[EventRounds "9"]
[EventCountry "GRE"]
[SourceTitle "CBM 185 Extra"]
[Source "ChessBase"]
[SourceDate "2018.07.29"]
[SourceVersion "1"]
[SourceVersionDate "2018.07.29"]
[SourceQuality "1"]

1. d4 Nf6 2. Nf3 c5 3. d5 b5 4. e3 Qb6 5. c4 bxc4 6. a3 Ba6 7. Nc3 e6 8. e4 Be7 9. Be2 exd5 10. exd5 0-0 11. 0-0 d6 12. Re1 Re8 13. Rb1 Nbd7 14. Qa4 Qb7 15. Bxc4 Bxc4 16. Qxc4 Nb6 17. Qb3 Nfxd5 18. Nxd5 Qxd5 19. Qc2 Bf6 20. Be3 Qc6 21. b4 Rac8 22. bxc5 Nd5 23. Bg5 Rxe1+ 24. Rxe1 dxc5 25. Qc4 Nb6 26. Qc2 h6 27. Be3 Nd5 28. Bd2 c4 29. Be3 Nxe3 30. Rxe3 c3 31. Re1 Rb8 32. Rc1 Qc5 33. a4 Rb2 0-1